NCAA Men's Lacrosse Tewaaraton Winners - Statistics

General Stats
  • This quiz has been taken 41 times
  • The average score is 8 of 24
Answer Stats
Year Player % Correct
2025 CJ Kirst
87%
2024 Pat Kavanagh
71%
2023 Brennan O'Neill
58%
2021 Jared Bernhardt
48%
2015 Lyle Thompson
48%
2014 Lyle Thompson and Miles Thompson
48%
2019 Patrick Spencer
48%
2017 Matt Rambo
45%
2022 Logan Wisnauskas
42%
2005 Kyle Harrison
29%
2013 Rob Pannell
29%
2018 Ben Reeves
26%
2016 Dylan Molloy
26%
2011 Steele Stanwick
23%
2007 Matt Danowski
19%
2004 Michael Powell
19%
2002 Michael Powell
19%
2010 Ned Crotty
19%
2006 Matt Ward
16%
2009 Max Seibald
13%
2012 Peter Baum
13%
2003 Chris Rotelli
10%
2001 Doug Shanahan
10%
2008 Mike Leveille
6%
No matching quizzes found
Score Distribution
Percent of People with Each Score
Percentile by Number Answered
Your Score History
You have not taken this quiz